000
00232nam a2200109Ia 4500
008
200302s9999 xx 000 0 und d
100
_a
Toyo Ito
245
_a
Toyo Ito
260
_b
Phaidon Perss Ltd.
260
_c
2009
300
_a
231
999
_c
3382
_d
3382